000 00845nam a2200241Ia 4500
003 IN-BaIIA
008 211028s9999 xx 000 0 eng d
040 _cIIA Library
080 _a035:520.1
_bTHE
111 _n8
_cGreen Bank, West virginia
_d1984 June 6-8
_914776
245 4 _aThe CTIO facilities manual
_bissues raised by millisecond pulsars
_cedited by James E Hesser and D. R. Stinebring
250 _a2nd ed.
260 _aChile
_bCerro Tololo Inter-American Observatory
_c1980
300 _a[various pagings.]
650 _aAstronomy and Astrophysics Thesaurus
650 _aCerro tololo
_914777
650 _aCTIO
_914778
650 _aObservatories-Inter-American
_914779
650 _aObservatory facilities manual
_914780
700 _aHesser, James E., ed.
_912947
700 _aStinebring, D. R., ed.
_914781
942 _cBK
999 _c8789
_d8789